Nexes : atención a la soledad no deseada de personas mayores / atención a la soledad no deseada de personas mayores /

Publicat: Barcelona : Diputació de Barcelona , 2024
Descripció física: 1 díptic : il·lustracions en color ; 21 x 15 cm
Idioma: Català , Espanyol

MARC

LEADER 00000nam a22000007a 4500
001 29381
003 AGDB
005 20260324181548.0
008 260213b spa||||| |||| 00| 0 cat d
017 |a B 8737-2024 
040 |a agdb  |b cat 
041 |a spa 
245 |a Nexes :   |b atención a la soledad no deseada de personas mayores /  |c Diputació de Barcelona 
260 |a Barcelona :   |b Diputació de Barcelona ;   |c 2024 
300 |a 1 díptic :   |b il·lustracions en color ;   |c 21 x 15 cm 
500 |a També en català (R. 29379, R. 29380). 
650 0 |a Solitud  |x Prevenció  |9 71719 
650 0 |a Persones grans  |x Psicologia  |9 71718 
650 0 |a Persones grans  |x Assistència institucional  |z Barcelona (Catalunya : Província)  |9 50382 
655 0 |a Fulletons  |9 55858 
710 |a Barcelona (Catalunya : Província).  |b Àrea de Sostenibilitat Social, Cicle de Vida i Comunitat  |9 70555 
942 |2 udc  |c ARXIU  |n 1 
952 |0 0  |1 0  |2 udc  |4 0  |6 FU7951  |7 1  |9 99152  |a Arxiu  |b Arxiu  |d 2026-02-13  |l 0  |o FU-79-51  |p 29381  |r 2026-02-13 13:32:20  |w 2026-02-13  |y ARXIU 
999 |c 130806  |d 130806